Elementi chimici - Statistics

Statistiche generali
  • Questo quiz è stato fatto 1.270 volte
  • Il punteggio medio è 47 su 118
Statistiche sulle risposte
Simbolo Elemento % Corretto
H Idrogeno
97%
O Ossigeno
96%
He Elio
95%
Li Litio
92%
Mg Magnesio
92%
Fe Ferro
91%
C Carbonio
90%
Cl Cloro
90%
K Potassio
89%
Al Alluminio
88%
N Azoto
87%
Na Sodio
87%
Ag Argento
86%
Ca Calcio
86%
Si Silicio
85%
Cu Rame
84%
Zn Zinco
84%
Be Berillio
82%
F Fluoro
82%
P Fosforo
81%
B Boro
79%
Cr Cromo
77%
Mn Manganese
76%
S Zolfo
76%
Br Bromo
74%
Ne Neon
74%
Au Oro
74%
Ar Argon
73%
Ni Nichel
72%
Co Cobalto
71%
Ga Gallio
67%
Sr Stronzio
67%
As Arsenico
62%
Ge Germanio
61%
Xe Xeno
60%
Se Selenio
59%
Kr Kripton
58%
Ba Bario
54%
I Iodio
54%
Pb Piombo
51%
Ti Titanio
51%
V Vanadio
51%
Zr Zirconio
50%
Cd Cadmio
49%
Rb Rubidio
49%
U Uranio
49%
Sc Scandio
48%
Cs Cesio
47%
Hg Mercurio
46%
Pd Palladio
44%
W Tungsteno
43%
Mo Molibdeno
41%
Y Ittrio
39%
Pt Platino
38%
Sn Stagno
37%
Te Tellurio
37%
Fr Francio
36%
In Indio
34%
Po Polonio
32%
Tc Tecnezio
32%
Eu Europio
28%
Pu Plutonio
28%
Ir Iridio
27%
La Lantanio
27%
Ra Radio
27%
Rh Rodio
26%
Sb Antimonio
25%
Ru Rutenio
24%
Nb Niobio
23%
Rf Rutherfordio
23%
Bi Bismuto
22%
Ce Cerio
22%
Os Osmio
22%
Rn Radon
21%
At Astato
18%
Es Einsteinio
18%
Ti Tallio
18%
Ac Attinio
16%
Cf Californio
16%
Fm Fermio
16%
Lu Lutezio
16%
No Nobelio
16%
Am Americio
15%
Er Erbio
14%
Yb Itterbio
14%
Np Nettunio
14%
Re Renio
14%
Hf Afnio
13%
Md Mendelevio
13%
Ta Tantalio
13%
Cm Curio
12%
Gd Gadolinio
12%
Sm Samario
12%
Th Torio
12%
Pm Promezio
11%
Dy Disprosio
10%
Nd Neodimio
10%
Bk Berkelio
9%
Lr Laurenzio
9%
Ho Olmio
9%
Pr Praseodimio
9%
Tb Terbio
9%
Bh Bohrio
8%
Og Oganessio
7%
Pa Protoattinio
7%
Sg Seaborgio
6%
Tm Tulio
6%
Cn Copernicio
5%
Hs Hassio
5%
Lv Livermorio
5%
Mc Moscovio
5%
Db Dubnio
4%
Fl Flerovio
4%
Ds Darmstadtio
3%
Nh Nihonio
3%
Mt Meitnerio
2%
Rg Roentgenio
2%
Ts Tennessinio
2%
Nessun quiz corrispondente trovato
Distribuzione punteggi
Percentuale di utenti per punteggio
Percentile per numero di risposta
I tuoi punteggi nel tempo
Non hai fatto questo quiz